| 000 | 01352 a2200289 4500 | ||
|---|---|---|---|
| 003 | Nust | ||
| 005 | 20221115122519.0 | ||
| 020 | _a0070702624 (pbk.) | ||
| 020 | _a9780070702622 (pbk.) | ||
| 035 | _a(OCoLC)681842723 | ||
| 035 | _a(OCoLC)ocn681842723 | ||
| 040 | _cNust | ||
| 082 | 0 | 4 | _a621.367,GON |
| 100 | 1 | _aGonzalez, Rafael C. | |
| 245 | 1 | 0 |
_aDigital image processing using MATLAB / _cRafael C. Gonzalez, Richard E, Woods, Steven L. Eddins. |
| 250 | _a2nd ed. | ||
| 260 |
_aNew Delhi : _bTata McGraw Hill Education, _cc2010. |
||
| 300 |
_axviii, 738 p. : _bill. (some col.) ; _c25 cm. |
||
| 505 | _aIntroduction (Page-1), Intensity Transformations and Spatial Filtering (Page-34), Filtering in the frequency Domain (Page-118), Image Restoration and Reconstruction (Page-163), Geometric Transformations and Image Registration (Page-232), Color Image Processing (Page-272), Walvelets (Page-331), Image Compression (Page-374), Morphological Image (Page-440), Image Segmentation (Page-489), Representation and Description (Page-551), | ||
| 650 | 0 |
_aDigital bildbehandling _996529 |
|
| 650 | 0 |
_aImage processing _xDigital techniques _9673 |
|
| 650 | 0 |
_aImage processing _xDigital techniques. _9673 |
|
| 650 | 0 |
_aMATLAB _994870 |
|
| 700 | 1 |
_aEddins, Steven L., _d1964- _9102613 |
|
| 700 | 1 |
_aWoods, Richard E. _d1954- _996527 |
|
| 942 |
_2ddc _cBK |
||
| 999 |
_c218129 _d218129 |
||